| 000 | 01583nam a22002777a 4500 | ||
|---|---|---|---|
| 001 | 1712 | ||
| 003 | FISKH | ||
| 005 | 20230919150546.0 | ||
| 008 | 230919b cb ||||| |||| 00| 0 khr d | ||
| 020 | _a9789924340447 | ||
| 040 |
_aFISKH _beng _cFISKH _dFISKH |
||
| 082 | _a306.7 | ||
| 100 | _aHarch, Nou | ||
| 245 | _aមាលាដួងចិត្ត / | ||
| 250 | _aបោះពុម្ពលើកទី ២ មិថុនា ឆ្នាំ ២០២២ | ||
| 260 |
_aPhnom Penh : _bSipar, _c2022. |
||
| 300 |
_a169 pages : _c20 cm |
||
| 505 | _aZ' | ||
| 520 | _aរឿងមាលាដួងចិត្ត ជាប្រលោមលោកដែលនិពន្ធឡើងក្នុងឆ្នាំ ១៩៣៩ ក្នុងកំឡុងសង្គ្រាមលោកលើកទី២ ដែលបានកើតឡើងនៅខេត្តបាត់ដំបង។ វាបង្ហាញពីភាពសម្បូរបែបនៃយុវជន គំនិត និងប្រាជ្ញារបស់យុវជនពីឆ្នាំ 1939-1946 ។ | ||
| 520 | _aMealea Duong Jet is a novel written in 1939 during the beginning of World War 2 which happened in Battambong province. It shows the richness of youth, concept and wisdom of youth from 1939-1946. | ||
| 521 | 8 |
_a1120
_bLexile estimate |
|
| 521 | 8 |
_aZ'
_bRaz-Plus |
|
| 650 |
_aស្នេហា _vប្រលោមលោក _xសម្បូរបែប _yគំនិត |
||
| 650 |
_aLove _vNovel _xRichness _yConcept |
||
| 942 |
_2ddc _cKHB _n0 |
||
| 999 |
_c1712 _d1712 |
||